000 00346nam a2200133Ia 4500
008 240624s9999 xx 000 0 und d
041 _aeng
082 _a320.5 BLY
100 _aBLYTH MARK
245 _aGREAT TRANSFORMATIONS ECONOMIC IDEAS AND
260 _c2002
_aNew Delhi
_bCambridge University Press
300 _a296 : p.
365 _cRS
_b30
999 _c20996
_d20996